Jane on her own : (Record no. 444)

MARC details
000 -LEADER
fixed length control field 01346nam a22003617a 4500
001 - CONTROL NUMBER
control field 444
003 - CONTROL NUMBER IDENTIFIER
control field FISKH
005 - DATE AND TIME OF LATEST TRANSACTION
control field 20251117101215.0
008 - FIXED-LENGTH DATA ELEMENTS--GENERAL INFORMATION
fixed length control field 230421b cb ||||| |||| 00| 0 eng d
010 ## - LIBRARY OF CONGRESS CONTROL NUMBER
LC control number 98030100
020 ## - INTERNATIONAL STANDARD BOOK NUMBER
International Standard Book Number 0531301338 (trade : alk. paper)
020 ## - INTERNATIONAL STANDARD BOOK NUMBER
International Standard Book Number 9780439551892
040 ## - CATALOGING SOURCE
Original cataloging agency DLC
Transcribing agency DLC
Modifying agency DLC
-- FISKH
Language of cataloging eng
042 ## - AUTHENTICATION CODE
Authentication code lcac
050 00 - LIBRARY OF CONGRESS CALL NUMBER
Classification number PZ7.L5215
Item number Jan 1999
082 00 - DEWEY DECIMAL CLASSIFICATION NUMBER
Classification number 813.54
Edition number 21
100 1# - MAIN ENTRY--PERSONAL NAME
Personal name Le Guin, Ursula K.,
Dates associated with a name 1929-2018.
245 10 - TITLE STATEMENT
Title Jane on her own :
Remainder of title a catwings tale /
Statement of responsibility, etc. by Ursula K. Le Guin ; illustrations by S.D. Schindler.
260 ## - PUBLICATION, DISTRIBUTION, ETC.
Place of publication, distribution, etc. New York :
Name of publisher, distributor, etc. Orchard Books,
Date of publication, distribution, etc. 1999.
300 ## - PHYSICAL DESCRIPTION
Extent 42 p. :
Other physical details col. ill. ;
Dimensions 19 cm.
505 ## - FORMATTED CONTENTS NOTE
Formatted contents note M
520 ## - SUMMARY, ETC.
Summary, etc. When Jane, a cat with wings, leaves the safety of her farm to explore the world, she falls into the hands of a man who keeps her prisoner and exploits her for money.
521 8# - TARGET AUDIENCE NOTE
Target audience note 700 <br/>
Source Lexile
521 8# - TARGET AUDIENCE NOTE
Target audience note M
Source Raz-Plus
650 #1 - SUBJECT ADDED ENTRY--TOPICAL TERM
Topical term or geographic name entry element Cats
Form subdivision Fiction.
655 #7 - INDEX TERM--GENRE/FORM
Genre/form data or focus term Fantasy fiction.
Source of term lcgft
655 #7 - INDEX TERM--GENRE/FORM
Genre/form data or focus term Action and adventure fiction.
Source of term lcgft
700 1# - ADDED ENTRY--PERSONAL NAME
Personal name Schindler, S. D.,
Relator term illustrator.
906 ## - LOCAL DATA ELEMENT F, LDF (RLIN)
a 7
b cbc
c orignew
d 1
e ocip
f 19
g y-gencatlg
942 ## - ADDED ENTRY ELEMENTS (KOHA)
Source of classification or shelving scheme Dewey Decimal Classification
Koha item type Books
Suppress in OPAC No
Holdings
Withdrawn status Lost status Source of classification or shelving scheme Damaged status Not for loan Collection Home library Current library Shelving location Date acquired Total Checkouts Full call number Barcode Date last seen Price effective from Koha item type Copy number
    Dewey Decimal Classification     Juvenile Fiction Footprints International School Library Network Toul Kork Campus Footprints International School Library Network Toul Kork Campus TK Primary Library Room(4th Floor), Bookcase 5&6, Shelves 33-56, Orange Books 04/21/2023   GUI 813.54 PZ7.L5215 FISTK00138 04/21/2023 04/21/2023 Books  
    Dewey Decimal Classification     Juvenile Fiction Footprints International School Library Network Toul Tom Poung Campus Footprints International School Library Network Toul Tom Poung Campus TTP Primary Orange Bookshelves 11/17/2025   GUI 813.54 PZ7.L5215 FIS00596 11/17/2025 11/17/2025 Books 2